Statistics for Quiz about myself :)

Click here to take the quiz!

General Stats

  • This quiz has been taken 20 times
    (17 since last reset)
  • The average score is 4 of 12

Answer Stats

QuestionAnswer% Correct
What is my favorite color?Blue
56%
Which of these flags do I like the most?
50%
What Country is my favorite?Portugal
44%
What is my favorite Subdivision? (I have visited)Murmansk, Russia
31%
What religion do I follow?Islam
31%
Which letter do I like the most?V
31%
I speak 6 languages, which is the odd one out?Bulgarian
31%
What is my Favorite language?Ukrainian
25%
What country would I like to visit next?India
25%
What country do I talk about the most?Somalia
19%
What is my favorite JetPunk User?Dekkie
19%
I had 7 former names, which one is the odd one out?IvanIV
13%

Score Distribution

Percentile by Number Answered

Percent of People with Each Score

Your Score History

You have not taken this quiz since the last reset